| 000 | 00567nam a22001697a 4500 | ||
|---|---|---|---|
| 003 | MACL | ||
| 005 | 20151018182332.0 | ||
| 008 | 151018b xxu||||| |||| 00| 0 eng d | ||
| 040 | _cMACL | ||
| 041 | _aHindi | ||
| 082 | _a741.642 | ||
| 100 |
_4348 _aशर्मा,पवित्र कुमार _915979 |
||
| 245 | _aप्रतिभाशाली बालक | ||
| 260 |
_aदिल्ली _bलर्निंग ट्री पब्लिकेशन्स _c2011 |
||
| 650 |
_aचिल्ड्रन बुक्स _9343 |
||
| 942 |
_2ddc _cHIN |
||
| 999 |
_c50400 _d50400 |
||